[Event "Adelaide Checkmate op"]
[Site "Adelaide"]
[Date "2008.07.06"]
[Round "7"]
[White "Kerr, Bill"]
[Black "Hams, Jeffrey"]
[Result "0-1"]
[WhiteElo "1937"]
[BlackElo "1769"]
[PlyCount "69"]
[EventDate "2008.07.05"]
[EventType "swiss"]
[EventRounds "7"]
[EventCountry "AUS"]
[SourceTitle "EXT 2023"]
[Source "ChessBase"]
[SourceDate "2022.10.05"]
[SourceVersion "1"]
[SourceVersionDate "2022.10.05"]
[SourceQuality "1"]

1. f4 d5 2. Nf3 Nf6 3. g3 Bf5 4. Bg2 h6 5. 0-0 e6 6. d3 Bc5+ 7. e3 0-0 8. Kh1 c6 9. Qe2 Na6 10. Nc3 Bh7 11. e4 dxe4 12. dxe4 Be7 13. Ne5 Qc7 14. Be3 Bc5 15. g4 Bxe3 16. Qxe3 Nd7 17. Nd3 Qb6 18. Qg3 Nac5 19. Rf2 Nxd3 20. cxd3 Rad8 21. f5 exf5 22. gxf5 f6 23. Rg1 Kh8 24. Ne2 Rf7 25. Nf4 Nf8 26. Bf1 Qc7 27. Qe3 Qb6 28. Qf3 Qc7 29. Rfg2 Re8 30. Rg4 Ree7 31. d4 Re8 32. Qg2 Rd8 33. Nh5 Rdd7 34. Bc4 Rfe7 35. Nxf6 0-1